Responses for Show #6843 - Wednesday, May 21, 2014

Julia Collins game 13.

Contestants

[<< previous game]

Lara Brenckle Malmont, a strategic communications lead from Carlisle, Pennsylvania

Sirena Terr, a business lawyer and consultant from Livingston, New Jersey

Julia Collins, a supply chain professional from Kenilworth, Illinois (whose 12-day cash winnings total $245,610)

[next game >>]

Jeopardy! Round responses

LETTERS TO CANADA
THE HAIR APPARENT
SKYDIVING
FAMOUS WOMEN
THE HEISMAN WINNER'S SCHOOL
"E" FOLLOWS "D"
(Alex: And finally, in each correct response, the letter "E" will follow the "D".)
    $200 16
Quebec

Julia
    $200 6
an afro

Julia
    $200 25
shock

Lara
    $200 1
Hillary Clinton

Lara
    $200 26
University of Florida

Julia
    $200 11
fidelity

Julia
    $400 17
Manitoba

Julia
    $400 7
a beehive

Julia
    $400 24
(Julia: What is stopper?)
...
(Alex: Less than a minute to go now, Lara.)

reserve

Julia
Triple Stumper
    $400 2
Carrie Nation

Julia
    $400 27
(Lara: What is Alabama?)

Texas A&M

Lara
Triple Stumper
    $400 12
a decanter

Sirena
    $600 18
New Brunswick

Sirena
    $600 8
a bowl cut

Sirena
    $600 20
pop

Sirena
    $400 3
(Julia: Let's make it a True Daily Double.)
(Alex: [Chuckles] Okay...)
(Julia: Haven't gotten to say that yet.)
[Laughter]
...
(Julia: Who is Cabrini?)

Maria Montessori

Julia
    $600 28
[The end-of-round signal sounds.]
(Alex: And... the ladies stayed away from, uh, football.)

University of Miami

Triple Stumper
    $600 13
embroidery

Sirena
    $800 22
Saskatchewan

Sirena
    $800 9
cornrows

Sirena
    $800 19
terminal velocity

Lara
    $800 4
Shirley Temple

Lara
    $800 14
cadet

Julia
    $1000 23
Nunavut

Lara
    $1000 10
a shag

Julia
    $1000 21
Drop Zone

Lara
    $1000 5
Sojourner Truth

Julia
    $1000 15
impede

Julia

Scores at the first commercial break (after clue 15):

Julia Sirena Lara
$4,600 $2,400 $1,000

Scores at the end of the Jeopardy! Round:

Julia Sirena Lara
$5,000 $4,400 $3,600

Double Jeopardy! Round responses

TO THE EXOPLANETS!
PHIL-IBUSTER
SPY FICTION
"KEY" WORDS & PHRASES
THE SECRETARY OF WAR
THAT USED TO BE A THING
    $400 22
water

Julia
    $400 1
Phil Jackson

Julia
    $400 21
the Needle

Triple Stumper
    $400 2
the keynote address

Sirena
    $400 12
McHenry

Julia
    $400 7
phone booths

Julia
    $800 23
(Alex: In [*]. Imagine how many in the universe.)

the Milky Way

Triple Stumper
    $800 17
Phil Donahue

Sirena
    $800 25
(Alex: Less than a minute
to go now, Sirena.)

John Le Carré

Triple Stumper
    $800 3
a doohickey

Triple Stumper
    $800 13
(Sirena: Who is Jackson?)

Jefferson Davis

JuliaSirena
    $800 8
(Sirena: What's the eagle?)

the passenger pigeon

Sirena
Triple Stumper
    $1200 24
(Johannes) Kepler

Sirena
    $1200 18
(Sirena: What is Nike?)

Phil Knight

JuliaSirena
    $1200 28
[The end-of-round signal sounds.]

Graham Greene

Triple Stumper
    $1200 4
a dickey

Julia
    $2,000 14
(Abraham) Lincoln

Julia
    $1200 9
New Hampshire

Sirena
    $200 26
(Sirena: What's a quasar?)

a pulsar

Sirena
    $1600 19
The Amazing Race

Triple Stumper
    $1600 5
cold turkey

Lara
    $1600 15
James Monroe

Triple Stumper
    $1600 10
DOMA (the Defense of Marriage Act)

Lara
    $2000 27
(Sirena: What is the Nor--the Horse Nebula?)

Pegasus

JuliaSirena
    $2000 20
Phil Gramm

Triple Stumper
    $2000 6
turnkey

Julia
    $2000 16
Edwin Stanton

Triple Stumper
    $2000 11
TWA

Julia

Scores at the end of the Double Jeopardy! Round:

Julia Sirena Lara
$17,800 $3,000 $6,800
(lock game)

[wagering suggestions for these scores]

Final Jeopardy! Round responses

ORGANIZATIONS
(Alex: [To Sirena] Who are they?)
(Sirena: My--my sons.)
SirenaWhat is shout out to Eric + Daniel Neveloff [drawing of a heart]
$0
LaraWhat is the National Geographic Society?
$800
JuliaWhat is the Royal Academy of Science?
$2,000
the Royal Society

Final scores:

Julia Sirena Lara
$15,800 $3,000 $6,000
13-day champion: $261,410 3rd place: $1,000 2nd place: $2,000

Game dynamics:

Coryat scores:

Julia Sirena Lara
$17,400 $3,200 $6,800
22 R
(including 1 DD),
2 W
(including 1 DD)
11 R,
5 W
(including 1 DD)
8 R,
1 W

Combined Coryat: $27,400

[game clues] [game scores] [suggest correction]

Game tape date: 2014-02-05
The J! Archive is created by fans, for fans. Scraping, republication, monetization, and malicious use prohibited; this site may use cookies and collect identifying information. See terms. The Jeopardy! game show and all elements thereof, including but not limited to copyright and trademark thereto, are the property of Jeopardy Productions, Inc. and are protected under law. This website is not affiliated with, sponsored by, or operated by Jeopardy Productions, Inc. Join the discussion at JBoard.tv.